000 00501nam a2200121Ia 4500
008 220620s9999||||xx |||||||||||||| ||und||
100 _aPassy, Florence||Monsch, Gian-Andrea
245 0 _aContentious Minds
_bHow Talks and Ties Sustain Activism
546 _aEnglish[eng]
650 _asocial movement||activism||contentious politics||social networks||mind||cultural sociology||protest participation
856 _uhttps://library.oapen.org/bitstream/20.500.12657/49786/1/9780190078027.pdf
942 _cEB
999 _c25034
_d25034